[Event "RUS-chT Blitz Women 2018"]
[Site "Sochi"]
[Date "2018.10.10"]
[Round "4"]
[White "Girshgorn, Maria"]
[Black "Zavivaeva, Evelina"]
[Result "1-0"]
[WhiteElo "1949"]
[BlackElo "1323"]
[Annotator "NA RC"]
[PlyCount "107"]
[EventDate "2018.10.10"]
[EventType "swiss"]
[EventCountry "RUS"]
[SourceTitle "playchess.com"]
[Source "ChessBase"]
[SourceQuality "1"]
[TimeControl "180+2"]

1. Nf3 {[%emt 0:00:00]} Nc6 {[%emt 0:00:00]} 2. g3 {[%emt 0:00:01]} e5 {[%emt 0:00:01]} 3. Bg2 {[%emt 0:00:01]} d5 {[%emt 0:00:01]} 4. d3 {[%emt 0:00:01]} Nf6 {[%emt 0:00:01]} 5. O-O {[%emt 0:00:01]} Bf5 {[%emt 0:00:05]} 6. Nbd2 {[%emt 0:00:16]} Bd6 {[%emt 0:00:09]} 7. c4 {[%emt 0:00:04]} e4 {[%emt 0:00:10]} 8. Nh4 {[%emt 0:00:04]} Be6 {[%emt 0:00:22]} 9. dxe4 {[%emt 0:00:05]} dxe4 {[%emt 0:00:35]} 10. Nxe4 {[%emt 0:00:08]} Nxe4 {[%emt 0:00:16]} 11. Bxe4 {[%emt 0:00:01]} Bxc4 {[%emt 0:00:09]} 12. Nf5 {[%emt 0:00:06]} O-O {[%emt 0:01:07]} 13. Qc2 {[%emt 0:00:02]} Be6 {[%emt 0:00:25]} 14. Nxd6 {[%emt 0:00:03]} Qxd6 {[%emt 0:00:04]} 15. Bxh7+ {[%emt 0:00:02]} Kh8 {[%emt 0:00:00]} 16. Bf4 {[%emt 0:00:08]} Qd7 {[%emt 0:00:02]} 17. Rfd1 {[%emt 0:00:09]} Qe7 {[%emt 0:00:01]} 18. Be4 {[%emt 0:00:05]} Bd7 19. Bxc7 {[%emt 0:00:13]} Rac8 {[%emt 0:00:07]} 20. Bd6 {[%emt 0:00:03]} Qe8 {[%emt 0:00:02]} 21. Bxf8 {[%emt 0:00:04]} Nb4 {[%emt 0:00:02]} 22. Qd2 {[%emt 0:00:12]} Qxe4 {[%emt 0:00:02]} 23. Qxd7 {[%emt 0:00:02]} Rxf8 {[%emt 0:00:02]} 24. Qd4 {[%emt 0:00:11]} Qxd4 {[%emt 0:00:02]} 25. Rxd4 {[%emt 0:00:01]} Nc2 {[%emt 0:00:01]} 26. Rh4+ {[%emt 0:00:00]} Kg8 {[%emt 0:00:02]} 27. Rc1 {[%emt 0:00:02]} Rc8 {[%emt 0:00:02]} 28. Rh5 {[%emt 0:00:24]} g6 {[%emt 0:00:03]} 29. Rd5 {[%emt 0:00:02]} Rc6 {[%emt 0:00:02]} 30. Rd2 {[%emt 0:00:09]} Nb4 {[%emt 0:00:02]} 31. Rxc6 {[%emt 0:00:01]} Nxc6 {[%emt 0:00:02]} 32. Rd7 {[%emt 0:00:02]} a6 {[%emt 0:00:02]} 33. Rxb7 Kg7 34. Rb6 {[%emt 0:00:03]} Nd4 {[%emt 0:00:03]} 35. Kf1 {[%emt 0:00:01]} a5 {[%emt 0:00:02]} 36. Ra6 {[%emt 0:00:03]} Nb5 {[%emt 0:00:03]} 37. Rxa5 {[%emt 0:00:02]} Nc7 {[%emt 0:00:01]} 38. b4 {[%emt 0:00:03]} Ne6 {[%emt 0:00:01]} 39. b5 {[%emt 0:00:02]} Nc5 {[%emt 0:00:01]} 40. b6 {[%emt 0:00:02]} Nb7 {[%emt 0:00:02]} 41. Ra7 {[%emt 0:00:01]} Nc5 {[%emt 0:00:01]} 42. b7 {[%emt 0:00:01]} Nxb7 {[%emt 0:00:01]} 43. Rxb7 {[%emt 0:00:01]} Kf6 {[%emt 0:00:03]} 44. a4 {[%emt 0:00:01]} Ke6 {[%emt 0:00:00]} 45. a5 Kd6 46. a6 {[%emt 0:00:02]} Kc6 {[%emt 0:00:01]} 47. Rb1 {[%emt 0:00:01]} Kc7 {[%emt 0:00:02]} 48. a7 {[%emt 0:00:02]} Kd7 {[%emt 0:00:01]} 49. a8=Q {[%emt 0:00:02]} g5 {[%emt 0:00:00]} 50. Qd5+ {[%emt 0:00:02]} Ke7 {[%emt 0:00:01]} 51. Rb7+ {[%emt 0:00:01]} Kf6 {[%emt 0:00:01]} 52. Rxf7+ {[%emt 0:00:03]} Kg6 {[%emt 0:00:01]} 53. Qe6+ {[%emt 0:00:01]} Kh5 {[%emt 0:00:01]} 54. Rh7# {[%emt 0:00:02]} 1-0

[Event "RUS-chT Blitz Women 2018"]
[Site "Sochi"]
[Date "2018.10.10"]
[Round "4"]
[White "Fairuzova, Zulfiiya"]
[Black "Mukhina, Jana"]
[Result "0-1"]
[WhiteElo "1847"]
[BlackElo "2072"]
[Annotator "NA RC"]
[PlyCount "72"]
[EventDate "2018.10.10"]
[EventType "swiss"]
[EventCountry "RUS"]
[SourceTitle "playchess.com"]
[Source "ChessBase"]
[SourceQuality "1"]
[TimeControl "180+2"]

1. d4 {[%emt 0:00:00]} Nf6 {[%emt 0:00:00]} 2. Nf3 {[%emt 0:00:00]} g6 {[%emt 0:00:00]} 3. g3 {[%emt 0:00:01]} Bg7 {[%emt 0:00:00]} 4. Bg2 {[%emt 0:00:01]} O-O {[%emt 0:00:00]} 5. O-O d6 6. c4 {[%emt 0:00:03]} Nc6 {[%emt 0:00:00]} 7. Nc3 e5 8. e4 {[%emt 0:00:02]} Bg4 {[%emt 0:00:02]} 9. Be3 {[%emt 0:00:06]} Nd7 {[%emt 0:00:37]} 10. d5 {[%emt 0:00:04]} Nd4 {[%emt 0:00:03]} 11. Bxd4 {[%emt 0:00:20]} exd4 {[%emt 0:00:01]} 12. Ne2 {[%emt 0:00:01]} Bxf3 {[%emt 0:00:06]} 13. Bxf3 Ne5 14. Nxd4 {[%emt 0:00:20]} Nxc4 {[%emt 0:00:02]} 15. b3 {[%emt 0:00:11]} Ne5 {[%emt 0:00:13]} 16. Bg2 {[%emt 0:00:02]} c5 {[%emt 0:00:19]} 17. dxc6 {[%emt 0:00:09]} Nxc6 {[%emt 0:00:02]} 18. Nxc6 {[%emt 0:00:01]} bxc6 {[%emt 0:00:01]} 19. Rc1 {[%emt 0:00:01]} Rc8 {[%emt 0:00:02]} 20. Qd3 {[%emt 0:00:11]} Qe7 {[%emt 0:00:08]} 21. Rc2 {[%emt 0:00:15]} c5 {[%emt 0:00:00]} 22. Rd1 {[%emt 0:00:11]} Bd4 {[%emt 0:00:01]} 23. Re2 {[%emt 0:00:16]} Qc7 {[%emt 0:00:09]} 24. Ree1 {[%emt 0:00:18]} Qa5 {[%emt 0:00:01]} 25. a4 {[%emt 0:00:04]} Rb8 {[%emt 0:00:01]} 26. Rb1 {[%emt 0:00:08]} Rb4 {[%emt 0:00:09]} 27. Red1 {[%emt 0:00:01]} Rfb8 {[%emt 0:00:01]} 28. Qc2 {[%emt 0:00:21]} Qb6 {[%emt 0:00:03]} 29. Bf1 {[%emt 0:00:27]} Rxb3 {[%emt 0:00:09]} 30. Rxb3 {[%emt 0:00:01]} Qxb3 {[%emt 0:00:00]} 31. Qxb3 {[%emt 0:00:04]} Rxb3 {[%emt 0:00:01]} 32. Bc4 {[%emt 0:00:01]} Rb2 {[%emt 0:00:02]} 33. Rf1 {[%emt 0:00:04]} Rb4 {[%emt 0:00:03]} 34. Bb5 {[%emt 0:00:02]} a6 {[%emt 0:00:02]} 35. Bxa6 {[%emt 0:00:01]} Rxa4 36. Rc1 {[%emt 0:00:04]} Rxa6 {[%emt 0:00:02]} 0-1

[Event "RUS-chT Blitz Women 2018"]
[Site "Sochi"]
[Date "2018.10.10"]
[Round "4"]
[White "Zavivaeva, Emilia"]
[Black "Vyrtosu, Natalia"]
[Result "0-1"]
[WhiteElo "1633"]
[BlackElo "1894"]
[Annotator "NA"]
[PlyCount "66"]
[EventDate "2018.10.10"]
[EventType "swiss"]
[EventCountry "RUS"]
[SourceTitle "playchess.com"]
[Source "ChessBase"]
[SourceQuality "1"]
[TimeControl "180+2"]

1. e4 {[%emt 0:00:01]} c6 {[%emt 0:00:00]} 2. d4 {[%emt 0:00:01]} d5 {[%emt 0:00:00]} 3. exd5 {[%emt 0:00:02]} cxd5 {[%emt 0:00:00]} 4. Bd3 {[%emt 0:00:01]} Nc6 {[%emt 0:00:01]} 5. c3 {[%emt 0:00:01]} Nf6 {[%emt 0:00:01]} 6. Bf4 {[%emt 0:00:01]} g6 {[%emt 0:00:01]} 7. Nd2 {[%emt 0:00:01]} Bf5 {[%emt 0:00:01]} 8. Bxf5 {[%emt 0:00:09]} gxf5 {[%emt 0:00:01]} 9. Ngf3 {[%emt 0:00:02]} e6 {[%emt 0:00:02]} 10. Ne5 {[%emt 0:00:08]} Rg8 {[%emt 0:00:10]} 11. Qa4 {[%emt 0:00:48]} Qb6 {[%emt 0:00:20]} 12. Nb3 {[%emt 0:01:08]} Nh5 {[%emt 0:00:32]} 13. g3 {[%emt 0:00:30]} Nxf4 {[%emt 0:00:24]} 14. gxf4 {[%emt 0:00:01]} f6 {[%emt 0:00:01]} 15. Nxc6 {[%emt 0:00:11]} bxc6 {[%emt 0:00:01]} 16. O-O-O {[%emt 0:00:05]} Bd6 {[%emt 0:00:21]} 17. Qa5 {[%emt 0:00:03]} Bxf4+ {[%emt 0:00:02]} 18. Kb1 {[%emt 0:00:01]} O-O-O {[%emt 0:00:26]} 19. Rhe1 {[%emt 0:00:08]} e5 {[%emt 0:00:08]} 20. dxe5 {[%emt 0:00:03]} fxe5 {[%emt 0:00:01]} 21. h4 {[%emt 0:00:10]} Rg2 {[%emt 0:00:16]} 22. Rf1 {[%emt 0:00:01]} Qxa5 23. Nxa5 {[%emt 0:00:01]} Kc7 {[%emt 0:00:15]} 24. c4 {[%emt 0:00:05]} d4 {[%emt 0:00:02]} 25. c5 {[%emt 0:00:02]} e4 {[%emt 0:00:06]} 26. Nc4 {[%emt 0:00:02]} d3 {[%emt 0:00:01]} 27. Rde1 {[%emt 0:00:05]} Rh2 {[%emt 0:00:07]} 28. Rd1 {[%emt 0:00:02]} Rxh4 {[%emt 0:00:01]} 29. f3 {[%emt 0:00:02]} e3 {[%emt 0:00:02]} 30. Rfe1 {[%emt 0:00:01]} e2 {[%emt 0:00:04]} 31. Rxd3 {[%emt 0:00:02]} Rxd3 {[%emt 0:00:02]} 32. Rxe2 {[%emt 0:00:01]} Rh2 {[%emt 0:00:09]} 33. Re8 {[%emt 0:00:02]} Rd1# {[%emt 0:00:02]} 0-1

[Event "RUS-chT Blitz Women 2018"]
[Site "Sochi"]
[Date "2018.10.10"]
[Round "5"]
[White "Girya, Olga"]
[Black "Dordzhieva, Dinara"]
[Result "1-0"]
[WhiteElo "2479"]
[BlackElo "2340"]
[Annotator "RC"]
[PlyCount "89"]
[EventDate "2018.10.10"]
[EventType "swiss"]
[EventCountry "RUS"]
[SourceTitle "playchess.com"]
[Source "ChessBase"]
[SourceQuality "1"]
[TimeControl "180+2"]

1. d4 {[%emt 0:00:00]} d5 {[%emt 0:00:00]} 2. c4 {[%emt 0:00:00]} e6 {[%emt 0:00:00]} 3. Nc3 Nf6 4. Nf3 {[%emt 0:00:02]} c6 {[%emt 0:00:01]} 5. e3 {[%emt 0:00:02]} Nbd7 {[%emt 0:00:07]} 6. Qc2 {[%emt 0:00:01]} Bd6 {[%emt 0:00:09]} 7. b3 {[%emt 0:00:01]} O-O {[%emt 0:00:08]} 8. Bb2 {[%emt 0:00:02]} b6 {[%emt 0:00:03]} 9. Bd3 {[%emt 0:00:01]} c5 {[%emt 0:00:09]} 10. cxd5 {[%emt 0:00:11]} exd5 {[%emt 0:00:01]} 11. O-O {[%emt 0:00:02]} Bb7 {[%emt 0:00:02]} 12. Rad1 {[%emt 0:00:06]} Rc8 {[%emt 0:00:01]} 13. Qb1 {[%emt 0:00:03]} Re8 {[%emt 0:00:19]} 14. Bf5 {[%emt 0:00:01]} Rb8 {[%emt 0:00:18]} 15. Rfe1 {[%emt 0:00:15]} a6 {[%emt 0:00:02]} 16. Rc1 {[%emt 0:00:10]} Bf8 {[%emt 0:00:04]} 17. Red1 {[%emt 0:00:02]} Qe7 {[%emt 0:00:28]} 18. Na4 {[%emt 0:00:17]} g6 {[%emt 0:00:07]} 19. Bh3 {[%emt 0:00:06]} Rbd8 {[%emt 0:00:52]} 20. Ba3 {[%emt 0:00:15]} Qe4 {[%emt 0:00:06]} 21. dxc5 {[%emt 0:00:12]} Qxb1 {[%emt 0:00:25]} 22. Rxb1 {[%emt 0:00:02]} bxc5 {[%emt 0:00:00]} 23. Rbc1 {[%emt 0:00:04]} c4 {[%emt 0:00:06]} 24. Bxf8 Nxf8 {[%emt 0:00:01]} 25. Nd4 {[%emt 0:00:19]} cxb3 {[%emt 0:00:07]} 26. axb3 {[%emt 0:00:02]} Bc8 {[%emt 0:00:03]} 27. Nc6 {[%emt 0:00:16]} Bxh3 {[%emt 0:00:04]} 28. Nxd8 {[%emt 0:00:01]} Bg4 {[%emt 0:00:01]} 29. f3 {[%emt 0:00:01]} Rxd8 {[%emt 0:00:02]} 30. fxg4 {[%emt 0:00:01]} Nxg4 {[%emt 0:00:00]} 31. Rd3 {[%emt 0:00:06]} Re8 {[%emt 0:00:01]} 32. h3 {[%emt 0:00:06]} Nxe3 {[%emt 0:00:01]} 33. Re1 {[%emt 0:00:01]} d4 {[%emt 0:00:01]} 34. Rxd4 {[%emt 0:00:02]} f5 {[%emt 0:00:09]} 35. Nb2 {[%emt 0:00:11]} Re5 36. Nd1 {[%emt 0:00:07]} Nc4 {[%emt 0:00:10]} 37. Rxe5 {[%emt 0:00:06]} Nxe5 {[%emt 0:00:02]} 38. Ra4 {[%emt 0:00:05]} Nc6 {[%emt 0:00:02]} 39. Rxa6 {[%emt 0:00:02]} Nd4 {[%emt 0:00:00]} 40. b4 {[%emt 0:00:04]} Nfe6 {[%emt 0:00:01]} 41. b5 {[%emt 0:00:05]} Nc5 {[%emt 0:00:01]} 42. Ra8+ {[%emt 0:00:01]} Kf7 {[%emt 0:00:00]} 43. b6 {[%emt 0:00:03]} Nde6 {[%emt 0:00:05]} 44. Ra7+ {[%emt 0:00:02]} Kf6 {[%emt 0:00:03]} 45. b7 {[%emt 0:00:01]} 1-0

[Event "RUS-chT Blitz Women 2018"]
[Site "Sochi"]
[Date "2018.10.10"]
[Round "5"]
[White "Shuvalova, Polina"]
[Black "Guseva, Marina"]
[Result "1-0"]
[WhiteElo "2421"]
[BlackElo "2292"]
[Annotator "TA"]
[PlyCount "91"]
[EventDate "2018.10.10"]
[EventType "swiss"]
[EventCountry "RUS"]
[SourceTitle "playchess.com"]
[Source "ChessBase"]
[SourceQuality "1"]

{[%evp 22,91,18,20,9,20,22,5,13,0,39,44,36,36,40,37,39,34,43,29,54,23,114,0,0,-37,-36,-38,-37,-32,-33,-164,-61,-69,0,0,0,0,14,18,30,39,89,88,302,255,420,425,237,0,0,0,0,0,0,0,0,0,29974,29975,29976,4810,29977,29975,29982,29983,29986,29987,29987,29988,29987,29988]} 1. e4 c5 2. Nf3 d6 3. Bb5+ Nc6 4. O-O Bd7 5. Re1 Nf6 6. h3 a6 7. Bf1 e6 {B51: Sicilian: Moscow Variation (3 Bb5+) without 3...Bd7} (7... g6 8. c3 Bg7 9. d4 O-O 10. e5 dxe5 11. dxe5 Ne8 12. Bf4 Nc7 13. Nbd2 Nd5 14. Bg3 Bf5 15. a4 Rc8 16. Nc4 b5 17. axb5 axb5 {½-½ (66) Vidit,S (2718)-Andriasian,Z (2591) chess.com INT 2018}) 8. c3 Be7 9. d4 cxd4 10. cxd4 d5 11. e5 Ne4 12. Nbd2 {LiveBook: 17 Games} Nxd2 13. Bxd2 O-O 14. a3 $146 ({Predecessor:} 14. Bd3 Qb6 15. Bc3 {½-½ (76) Salov,S (2234)-Ortiz Suarez,I (2569) Istanbul 2012}) 14... Na5 15. Rc1 Nc4 16. Bxc4 dxc4 17. Rxc4 Bc6 18. Be3 Qd5 19. Rc3 Rad8 20. Qc2 h6 21. Rd1 f6 {[#]} (21... f5 $11 {keeps the balance.}) 22. exf6 (22. Bxh6 $1 $16 {[%mdl 512] Strongly threatening Qg6.} Qe4 (22... gxh6 23. Qg6+) 23. Qxe4 Bxe4 24. Bf4) 22... Rxf6 $11 23. Rd2 Rxf3 24. gxf3 Qxf3 {[%csl Gc6][%cal Rf3h1] [#]} 25. Rxc6 $1 {[%mdl 512]} bxc6 26. Qb3 (26. Rd3 $15) 26... Rd5 (26... Qxh3 $19 27. Qb6 Rd5 28. Qb8+ Kh7) 27. Qb8+ $1 $15 Kh7 ({Black should play} 27... Kf7 $15 28. Qf4+ Qxf4 29. Bxf4 Bf6) 28. Qg3 $1 $11 {[%cal Rg3f3]} Qf7 29. Rc2 Bg5 30. Rxc6 Bxe3 31. Qxe3 {[%mdl 4096] Endgame KQR-KQR} Rg5+ {[#]} 32. Kf1 $1 {aiming for Qe4+.} Rg6 $2 (32... Qf5 $16 {is a better defense.} 33. Ke2 (33. Rxe6 Qb1+ 34. Ke2 Qxb2+ 35. Qd2 Qxa3 $14) 33... Rg1) 33. Qe4 (33. Rxa6 Qf5 $11) 33... Qf6 $2 (33... Qb7 {was necessary.} 34. Rxe6 Qxe4 35. Rxe4 Rc6) 34. d5 $18 Qxb2 35. Rxe6 $2 (35. dxe6 $18 {Hoping for e7.} Qd2 36. Qb1) 35... Qc1+ $11 36. Ke2 Qb2+ 37. Ke3 Qxa3+ 38. Kf4 Qc1+ 39. Ke5 Qg5+ $2 {[%mdl 8192]} (39... Qb2+ $11 40. Kd6 Qb6+ 41. Kd7 Qb7+ 42. Ke8 Qb8+ 43. Kd7 Qb7+ 44. Kd8 Qb8+ 45. Kd7 Qb7+) 40. Kd4 ({Not} 40. Qf5 Qxf5+ 41. Kxf5 Rg2 $16) 40... Qd2+ 41. Kc4 (41. Kc5 $142 Kg8 42. Rxg6 Qxf2+ 43. Kc6 Qf8 44. Qe6+ Kh7 45. d6 Qa8+ 46. Kd7) 41... Qa2+ 42. Kc5 {White mates.} Qa5+ {[#]} 43. Kc6 $1 Qb5+ 44. Kc7 Qc5+ 45. Kb7 Qb5+ 46. Ka8 {Precision: White = 44%, Black = 27%.} 1-0

[Event "RUS-chT Blitz Women 2018"]
[Site "Sochi"]
[Date "2018.10.10"]
[Round "5"]
[White "Bivol, Alina"]
[Black "Sukhareva, Evgeniya"]
[Result "1-0"]
[WhiteElo "2403"]
[BlackElo "2125"]
[Annotator "TA"]
[PlyCount "73"]
[EventDate "2018.10.10"]
[EventType "swiss"]
[EventCountry "RUS"]
[SourceTitle "playchess.com"]
[Source "ChessBase"]
[SourceQuality "1"]

{[%evp 19,73,36,43,47,62,62,64,71,75,78,73,81,103,33,62,59,62,0,64,72,56,72,181,188,298,235,252,252,225,228,216,213,199,147,149,81,88,25,284,273,272,147,425,358,353,349,567,431,543,524,1004,967,29982,29982,29998,29999]} 1. Nf3 g6 2. d4 Bg7 3. g3 Nf6 4. Bg2 O-O 5. c4 d6 6. O-O Nfd7 7. Nc3 c5 8. e3 Nc6 9. b3 a6 10. Bb2 Rb8 {LiveBook: 4 Games} 11. Qd2 {A38: Symmetrical English vs ...g6: 4 Bg2 Bg7 5 Nf3 Nf6} (11. dxc5 Nxc5 12. Qe2 b5 13. cxb5 axb5 14. Nd5 Bxb2 15. Qxb2 b4 16. Rfd1 Ba6 17. Rac1 Qe8 18. Nc7 Qc8 {1-0 (78) Potapova,M (2223)-Diakonova,E (2205) Loo 2018}) 11... cxd4 12. exd4 $146 ({Predecessor:} 12. Nxd4 Nxd4 13. exd4 b5 14. Nd5 bxc4 15. bxc4 Nc5 16. Bc3 Na4 17. Ba5 Qd7 18. Nb4 Bb7 {0-1 (37) Huang,E-Cao,E (2039) Dayton 2017}) 12... b5 13. cxb5 {White is slightly better.} axb5 14. d5 Nce5 15. Nd4 b4 16. Nce2 (16. Na4 $1 $16) 16... Ba6 17. Nc6 $36 {[%mdl 2048] White is more active.} Nxc6 18. dxc6 (18. Bxg7 $1 $14 Kxg7 19. dxc6) 18... Nc5 (18... Bxb2 $11 19. Qxb2 Nc5) 19. Bxg7 $14 Kxg7 20. Rfd1 Qb6 {[#]} (20... e5 $16) 21. Nf4 $1 $18 Rfe8 (21... e5 $142) 22. Nd5 Qxc6 23. Nxe7 ({Not} 23. Nxb4 Qc8 $16) 23... Qd7 24. Qd4+ f6 25. Nd5 Qf5 26. g4 (26. Nc7 $18 Re7 27. Nxa6 (27. Qxd6 Re2 $18) 27... Nxa6 28. Qxd6) 26... Qe5 $16 27. Nc7 ({White should play} 27. Nxb4 Be2 28. Nc6 Qxd4 29. Rxd4) 27... Red8 28. Qxe5 ({White should try} 28. Nxa6 $16 Qxd4 29. Rxd4 Nxa6 30. Re1) 28... dxe5 $4 {[%mdl 8192]} (28... fxe5 $11 {and Black has nothing to worry.} 29. Rd2 (29. Nxa6 Nxa6 30. Rac1 Nc5 $11) 29... Bd3) 29. Rdc1 $18 Nd3 {[#]} 30. Nxa6 ({White must play} 30. Ne6+ $1 $18 Kf7 31. Nxd8+ Rxd8 32. Rc7+ Kg8 33. Rd1) 30... Rb6 $2 {[%mdl 8192]} (30... Nxc1 $16 31. Rxc1 Rb6 32. Rc7+ Kh6) 31. Rc7+ Kh6 32. Nc5 Nf4 $2 (32... Nxc5 33. Rxc5 Rbd6) 33. Bf3 Rd2 34. Ne4 Rb2 35. h4 {White threatens g5+ and mate.} Nh3+ 36. Kg2 f5 37. g5+ {Precision: White = 54%, Black = 17%.} 1-0

[Event "RUS-chT Blitz Women 2018"]
[Site "Sochi"]
[Date "2018.10.10"]
[Round "5"]
[White "Voit, Daria"]
[Black "Pogonina, Natalija"]
[Result "1/2-1/2"]
[WhiteElo "2352"]
[BlackElo "2485"]
[Annotator "TA"]
[PlyCount "36"]
[EventDate "2018.10.10"]
[EventType "swiss"]
[EventCountry "RUS"]
[SourceTitle "playchess.com"]
[Source "ChessBase"]
[SourceQuality "1"]

{[%evp 20,36,18,0,19,0,22,0,26,0,16,0,20,0,14,-3,20,0,21]} 1. Nf3 d5 2. c4 e6 3. g3 Nf6 4. Bg2 dxc4 5. Qa4+ Bd7 {[%cal Bc8d7,Bd7c6,Bc6d5][%mdl 32]} 6. Qxc4 c5 7. d4 Bc6 8. O-O {E04: Katalanisch} (8. dxc5 Nbd7 9. Be3 Bd5 10. Qc2 Be4 11. Qc1 Ng4 12. b4 a5 13. Bg5 f6 14. Bd2 axb4 15. Bxb4 Nxc5 16. Bxc5 Rc8 17. Qc4 Bxc5 18. Qxe6+ {½-½ (41) Ding,L (2769)-Aronian,L (2794) Berlin 2018}) 8... Bd5 9. Qd3 Be4 10. Qb5+ $146 ({Vorgänger:} 10. Qd1 cxd4 11. Qxd4 Nbd7 12. Bf4 Bc5 13. Qd2 O-O 14. Nc3 Bc6 15. Ng5 {½-½ (15) Velikov,P (2465)-Ortega,L (2400) Holguin 1989}) 10... Bc6 11. Qc4 {LiveBook: 32 Partien} Bd5 12. Qd3 Be4 13. Qc4 Bd5 14. Qb5+ Bc6 {Die Stellung ist ausgeglichen.} 15. Qc4 Bd5 16. Qb5+ Bc6 17. Qc4 Bd5 18. Qb5+ Bc6 1/2-1/2

[Event "RUS-chT Blitz Women 2018"]
[Site "Sochi"]
[Date "2018.10.10"]
[Round "5"]
[White "Kovanova, Baira"]
[Black "Kovalevskaya, Ekaterina"]
[Result "1/2-1/2"]
[WhiteElo "2350"]
[BlackElo "2403"]
[Annotator "TA"]
[PlyCount "42"]
[EventDate "2018.10.10"]
[EventType "swiss"]
[EventCountry "RUS"]
[SourceTitle "playchess.com"]
[Source "ChessBase"]
[SourceQuality "1"]

{[%evp 11,42,-37,-18,-31,-31,-56,-20,-10,-8,-7,-10,-24,0,-6,35,-5,0,-12,-17,-35,0,-9,0,-35,0,-63,-66,-55,0,-47,0,-77,0]} 1. Nf3 Nf6 2. g3 d5 3. Bg2 c5 4. d3 Nc6 5. O-O e5 6. Nbd2 Be7 7. c3 {A08: King's Indian Attack} (7. e4 d4 8. Nc4 Qc7 9. a4 O-O 10. Nh4 g6 11. f4 exf4 12. Bxf4 Qd8 13. Nf3 Be6 14. b3 Ng4 15. Qd2 Bxc4 16. bxc4 Bd6 17. e5 Bb8 18. Qc1 Bc7 19. Qd2 Bb8 20. Qc1 Bc7 21. Qd2 Bb8 22. Qc1 {½-½ (22) Maghsoodloo,P (2638)-Gukesh,D (2431) Voronezh 2018}) 7... O-O 8. Qc2 h6 9. e4 {The position is equal.} dxe4 10. dxe4 Be6 11. Nh4 $146 ({Predecessor:} 11. Rd1 Qc7 12. Nf1 Rfd8 13. Bd2 {½-½ (76) Llorente,J (2295)-Ubaldo Suarez,M (2041) Havana 2010}) 11... Re8 12. Nf5 Bf8 13. Re1 Qc7 14. Nf1 Rad8 15. N1e3 g6 16. Nh4 Bg7 17. Qe2 b6 18. h3 (18. b3 $11) 18... Qc8 $36 {[%mdl 2048] Black fights for an advantage.} 19. Kh2 Qc7 20. Kg1 Qc8 21. Kh2 $1 {[#]} Qc7 {Precision: White = 43%, Black = 33%.} (21... c4 $1 $17 {[%mdl 512]}) 1/2-1/2

[Event "RUS-chT Blitz Women 2018"]
[Site "Sochi"]
[Date "2018.10.10"]
[Round "5"]
[White "Potapova, Margarita"]
[Black "Markelova, Lubov"]
[Result "1-0"]
[WhiteElo "2284"]
[BlackElo "2190"]
[Annotator "TA"]
[PlyCount "89"]
[EventDate "2018.10.10"]
[EventType "swiss"]
[EventCountry "RUS"]
[SourceTitle "playchess.com"]
[Source "ChessBase"]
[SourceQuality "1"]

{[%evp 13,89,22,22,22,22,16,23,21,20,11,11,9,19,18,11,17,14,18,16,11,2,0,0,0,0,0,0,0,96,87,93,90,100,50,66,50,98,80,150,65,65,65,70,79,95,0,100,103,259,259,264,267,310,309,298,315,464,458,660,542,777,514,993,1024,1773,939,2356,393,1037,856,1815,1753,1968,1567,29993,29994,29995,2210]} 1. d4 d5 2. c4 c6 3. Nc3 Nf6 4. cxd5 cxd5 5. Bf4 Nc6 6. e3 Bf5 7. Qb3 Na5 8. Qa4+ {D10: Slav Defence: 3 cxd5 (without early Nf3) and 3 Nc3} Bd7 9. Qc2 {next Nb5 is good for White.} e6 10. Nf3 {White has an edge.} Be7 11. Bd3 Nc6 12. a3 Nh5 13. Be5 f6 14. Bg3 f5 15. Be5 $36 {[%mdl 2048] White has good play.} Nf6 16. h3 O-O 17. g4 {[%cal Rg4f5] [#]} Ne4 $146 18. gxf5 Rxf5 19. Bxe4 dxe4 20. Qxe4 Qf8 (20... Qb6 $11 {remains equal.} 21. Rb1 Raf8) 21. Rg1 $16 g6 22. Bf4 Bf6 23. O-O-O Ne7 24. Qd3 Rc8 25. Kb1 Bc6 (25... Nd5 $142 26. Nxd5 exd5) 26. Nh2 (26. Ne4 $1 $16) 26... Nd5 $14 27. Nxd5 Bxd5 28. Ng4 {aiming for Nh6+.} Bg7 {[#]} 29. Bg3 (29. Ka1 $1 $16) 29... Bf3 (29... Bc4 $11 30. Qd2 Rb5) 30. Rc1 $16 Bxg4 $2 (30... Rxc1+ $16 {was called for.} 31. Rxc1 Rh5) 31. hxg4 $18 Rf7 32. Qe4 Qe8 33. Rxc8 Qxc8 34. Rc1 Qe8 (34... Qd7 {keeps fighting.} 35. Rc7 Qd5 36. Qxd5 exd5 37. Rc8+ Rf8) 35. d5 {[%cal Bd4d5,Bd5d6][%mdl 32]} Re7 (35... Rd7 $142 36. d6 (36. dxe6 a6 $18) 36... Bf6) 36. d6 Rd7 37. Be5 Bxe5 (37... Bf8 $142 38. Rc7 Bxd6) 38. Qxe5 {[%mdl 4096] Endgame KQR-KQR} Qd8 39. Qxe6+ Kg7 {[#]} 40. Qe5+ $2 (40. Qxd7+ $3 {[%mdl 512]} Qxd7 41. Rc7) 40... Kg8 $2 (40... Qf6 41. Qd5 Qxd6 42. Qxd6 Rxd6 43. Rc7+ Kg8) 41. Rd1 a6 42. f4 Kf7 43. f5 Qe8 44. fxg6+ hxg6 45. Rf1+ {Precision: White = 54%, Black = 36%.} 1-0

[Event "RUS-chT Blitz Women 2018"]
[Site "Sochi"]
[Date "2018.10.10"]
[Round "5"]
[White "Solozhenkina, Elizaveta"]
[Black "Ambartsumova, Karina"]
[Result "1/2-1/2"]
[WhiteElo "2276"]
[BlackElo "2379"]
[Annotator "TA"]
[PlyCount "66"]
[EventDate "2018.10.10"]
[EventType "swiss"]
[EventCountry "RUS"]
[SourceTitle "playchess.com"]
[Source "ChessBase"]
[SourceQuality "1"]

{[%evp 18,66,32,37,44,47,52,25,51,14,21,6,48,41,35,18,10,16,15,12,26,5,4,14,12,12,20,10,18,13,11,16,28,16,20,6,6,6,6,6,6,6,6,0,5,0,7,0,1,0,14]} 1. Nf3 Nf6 2. g3 g6 3. Bg2 Bg7 4. O-O O-O 5. d4 d6 6. Nc3 d5 7. Re1 c6 {A49: 1 d4 Nf6 2 Nf3 g6 3 g3: Anti-King's Indian systems} (7... Ne4 8. Nxe4 dxe4 9. Ng5 Qxd4 10. Qxd4 Bxd4 11. Nxe4 Nd7 12. c3 Be5 13. Be3 Nb6 14. Bd4 Bg7 15. b3 a5 16. Red1 a4 17. b4 a3 18. f4 Nc4 19. Kf2 e5 20. fxe5 Nxe5 21. h3 {½-½ (21) Ivanchuk,V (2720)-Smirin,I (2658) Ashdod 2015}) 8. e4 dxe4 9. Nxe4 Nxe4 10. Rxe4 {LiveBook: 9 Games} Nd7 11. c3 Re8 $146 ({Predecessor:} 11... Nf6 12. Re1 a5 13. a4 Nd5 14. Bd2 Bf5 15. Qc1 {½-½ (39) Pert,N (2566)-Palliser,R (2421) Reading 2017}) 12. h3 b6 13. Bf4 Bb7 14. Re1 e6 15. Ne5 Nxe5 16. dxe5 Qc7 17. Qf3 h6 18. h4 Rab8 19. Rad1 c5 20. Qe3 Bxg2 21. Kxg2 Kh7 22. Rd6 Bf8 23. Rd2 Red8 24. Red1 Qc6+ 25. Kg1 (25. Qf3 {keeps more tension.} Qc7 26. h5 Rxd2 27. hxg6+ fxg6 28. Rxd2 Rd8 29. Rxd8 Qxd8 30. Qc6) 25... Qc7 {The position is equal.} 26. c4 Bg7 27. b3 Rxd2 28. Rxd2 Rd8 29. Rd6 Bf8 30. Rd3 Bg7 31. Rd6 Bf8 32. Rd3 Bg7 33. Rd6 Bf8 {Precision: White = 41%, Black = 64%.} 1/2-1/2